000 00487nam a2200169 i 4500
001 34003
003 ES-MaACL
005 20250712032631.0
007 t|
008 030203s1903 sp ||||1| spa d
100 1 _aBlasco Ibáñez, Vicente,
_d1867-1928
_929388
245 1 0 _aCañas y barro
_b: novela /
_cVicente Blasco Ibáñez.
260 _aValencia :
_bF. Sempere y C.,
_c1903 (
_fEl Pueblo)
300 _a312 p. ;
_c18 cm.
852 _aES-MaACL
_jB-2643
999 _c34003
_d34003